Lucretius on love and sex : a commentary on De rerum natura IV, 1030-1287, with prolegomena, text, and translation /

Bibliographic Details
Main Author: Brown, Robert D. (Robert Duncan), 1950-
Other Authors: Lucretius Carus, Titus
Format: Book
Language:English
Published: Leiden ; New York : E.J. Brill, 1987.
Series:Columbia studies in the classical tradition ; v. 15.
Subjects:

MARC

Tag First Indicator Second Indicator Subfields
LEADER 00000cam a2200000 a 4500
001 in00000030145
005 20151007060214.0
008 870807s1987 ne b 00110 eng
010 |a  87023885  
020 |a 9004085122 
035 |a (OCoLC)16580572 
035 |9 AAC0294AM 
040 |a DLC  |c DLC  |d TXA  |d UtOrBLW 
041 0 |a eng  |h lat 
049 |a TXAM  |c [A11682472] 
050 0 0 |a PA6485  |b .B76 1987 
082 0 |a 871/.01  |2 19 
100 1 |a Brown, Robert D.  |q (Robert Duncan),  |d 1950- 
245 1 0 |a Lucretius on love and sex :  |b a commentary on De rerum natura IV, 1030-1287, with prolegomena, text, and translation /  |c by Robert D. Brown. 
264 1 |a Leiden ;  |a New York :  |b E.J. Brill,  |c 1987. 
300 |a viii, 392 pages ;  |c 25 cm. 
336 |a text  |b txt  |2 rdacontent 
337 |a unmediated  |b n  |2 rdamedia 
338 |a volume  |b nc  |2 rdacarrier 
490 1 |a Columbia studies in the classical tradition,  |x 0166-1302 ;  |v v. 15 
504 |a Includes bibliographical references and indexes. 
600 1 0 |a Lucretius Carus, Titus.  |t De rerum natura.  |n Liber 4. 
650 0 |a Love in literature. 
650 0 |a Sex in literature. 
700 1 2 |a Lucretius Carus, Titus.  |t De rerum natura.  |n Liber 4.  |f 1987. 
830 0 |a Columbia studies in the classical tradition ;  |v v. 15. 
999 |a MARS 
999 f f |s 461e5b79-3308-3192-83b3-b0ace45a4ace  |i 78d1af19-f4b0-38e7-854e-2f202ba0b3c2  |t 0 
952 f f |p ric  |a Texas A&M University  |b Rellis Campus  |c Joint Library Facility  |s JLF  |d Remote Storage  |t 0  |e PA6485 .B76 1987  |h Library of Congress classification  |i unmediated -- volume  |m A14811682472 
998 f f |a PA6485 .B76 1987  |t 0  |l Remote Storage